000 00651nam a2200253 a 4500
001 adlib96000001
003 ViArRB
005 200902210153555.7
008 960221s1955 dcuabcdjdbkoqu001 0deng d
020 _a
022 _a
040 _aAdlib
082 _a294 R
245 _aHinduism and Buddhism a Historical Sketch
250 _a
260 _aLondon
_bRoutledge & Kegan Paul
_c1921
300 _a345p
_c
500 _a 3v
100 _aEliot, Charles
_e
700 _a
_a
942 _cBK
653 _aHistorical Sketch
952 _w2010-06-16
_p00011228
_r2010-06-16
_40
_00
_bUL
_10
_o294 ELI;1
_d2010-06-16
_70
_yBK
_aUL
999 _c34326
_d34325